=LDR 00000nam 2200000 4500 =001 INLIS000000000032804 =005 20130612134808 =008 ***********************************ind** =035 ##$$0010-061300000032804 =041 ##$$a ind =082 ##$$a 909 =090 ##$$a 909, Suk t =100 ##$$a Sukarwo, Wirawan =245 ##$$a Tentara Bayaran AS di Irak, Sebuah Konspirasi Neoliberal AS untuk mempimpin dunia, Wirawan Sukarwo =850 ##$$a NBPNMAT =990 ##$$a 0001/BPAP-NTB/20142015 =990 ##$$a 0001/BPAP-NTB/2015 =990 ##$$a 0001/BPAP-NTB/2016